000 01474nji a22002897a 4500
005 20100909151549.0
006 a|||||r|||||00| 0
007 sd ammalaaahaa
008 100830t xxu||||| |||| 00| 0 eng d
028 _aN 55451
_bHis Master's Voice
035 _aGR-01647
040 _aSED
_cSED
100 _917455
_aMohd. Rafi
245 _aChhotisi mulaqat /
_cby Lata Mangeshkar ; music by Shankar Jaikishan ; lyrics by Shallendra
_h[sound recording] :
246 _aछोटीसी मुलाक़ात
260 _aDum Dum, India
_bHis Master's Voice
_cn.d.
300 _a1 sound disc [Gramophone Recording]:
_banalog, 33 1/3 rpm
_c9.5 in. (MP)
_fGramophone Record
500 _aBrief Record
505 _aSide-१ जीवन के दो रहो पे (Jivan ke do raho pe) (Lata Mangeshkar) --Side-२ छोटीसी मुलाक़ात (Chhotisi mulaqat) (Mohd. Rafi, asha Bhosle)
650 _aClassical music
_zIndia
_91186
_xExcerpts
700 _917416
_aJaikishan, Shankar
700 _917456
_aShallendra
700 _919046
_aJaipuri, Hasrat
700 _919047
942 _2ddc
_cGR
999 _c44874
_d44874